Представление документа в формате RUSMARC

ПолеНазваниеЗначение
  Тип записи a
  Библиографический уровень m
001 Контрольный номер 9fabf5eb2f2440a29f2b9cdcb95cf365
005 Дата корректировки 20201206204547.8
010 Индекс ISBN __
d Цена 1-20
101 Язык документа __
a Язык текста rus
c Язык оригинала rus
200 Заглавие и сведения об ответственности __
a Заглавие Вишневый омут
e Сведения, относящиеся к заглавию роман
f Первые сведения об ответственности М. Н. Алексеев
b Общее обозначение материала Текст
210 Выходные данные __
a Место издания М.
c Издательство Современник
d Дата издания 1980
215 Физическое описание __
a Объем 272 с., 1 л. портр.
c Иллюстрации/тип воспроизводства ил.
606 Тематические рубрики __
a Основная рубрика Художественная литература
z Хронологическая подрубрика 20 в.
y Географическая подрубрика Россия
606 Тематические рубрики __
a Основная рубрика Русская литература XX в. (произведения)
610 Ключевые слова __
a Ключевые слова романы; тема любви
686 Индексы других классификаций __
a Классификационный индекс 84(2Рос=Рус)6-4; ст84(2Рос=Рус)6-4
700 Автор __
a Фамилия Алексеев
b Имя М. Н.
4 Код отношения 070
801 Источник записи _0
a Страна RU
b Организация Муниципальное бюджетное учреждение культуры "Централизованная библиотечная система" г. Сургут (Центральная городская библиотека им. А. С. Пушкина)
g Правила каталогизации КиК/Лебедева
801 Источник записи _1
a Страна RU
b Организация Муниципальное бюджетное учреждение культуры "Централизованная библиотечная система" г. Сургут (Центральная городская библиотека им. А. С. Пушкина)
g Правила каталогизации КиК/Лебедева
852 Данные о местонахождении __
j Шифр хранения 84(2Рос=Рус)6-4
c Каталожный индекс 84(2Рос=Рус)6-4
i Авторский знак А 47
p Инвентарный номер 2159
901 Тип документа __
t Тип документа m
903 Характеристики (МАРС) __
a Дата передачи 20080228
990 Данные о заказе (DOS) __
j Количество экземпляров (DOS) 1
t N записи в КСУ для И/У (DOS) ретро 2